[Event "Ch_SFO"]
[Site "?"]
[Date "2018.03.16"]
[Round "2.11"]
[White "Vlassov, Nikolai"]
[Black "Salchak, Dolaan"]
[Result "1-0"]
[BlackElo "2169"]
[WhiteElo "2457"]
[LiveChessVersion "1.4.8"]

1. e4 {[%clk 1:30:57]} c5 {[%clk 1:30:57]} 2. c3 {[%clk 1:31:21]} Nf6
{[%clk 1:31:23]} 3. e5 {[%clk 1:31:47]} Nd5 {[%clk 1:31:50]} 4. d4
{[%clk 1:32:13]} cxd4 {[%clk 1:31:53]} 5. cxd4 {[%clk 1:32:38]} e6
{[%clk 1:32:16]} 6. Nc3 {[%clk 1:33:04]} d6 {[%clk 1:28:45]} 7. f4
{[%clk 1:30:34]} Nxc3 {[%clk 1:27:38]} 8. bxc3 {[%clk 1:31:02]} dxe5
{[%clk 1:27:59]} 9. fxe5 {[%clk 1:31:26]} Qh4+ {[%clk 1:16:17]} 10. Ke2
{[%clk 1:30:48]} Be7 {[%clk 1:10:04]} 11. Nf3 {[%clk 1:31:11]} Qh5
{[%clk 1:09:08]} 12. Kf2 {[%clk 1:31:37]} O-O {[%clk 1:09:24]} 13. Bd3
{[%clk 1:27:48]} Nc6 {[%clk 1:04:24]} 14. Qe2 {[%clk 1:20:58]} Bd7
{[%clk 1:02:05]} 15. h4 {[%clk 1:19:02]} f6 {[%clk 0:58:36]} 16. exf6
{[%clk 1:18:25]} Bxf6 {[%clk 0:58:48]} 17. Ba3 {[%clk 1:16:59]} Be7
{[%clk 0:53:42]} 18. Bxe7 {[%clk 1:13:11]} Nxe7 {[%clk 0:52:18]} 19. Rae1
{[%clk 1:11:04]} Nd5 {[%clk 0:48:37]} 20. Qd2 {[%clk 1:09:06]} Rac8
{[%clk 0:39:15]} 21. Re5 {[%clk 1:08:27]} Qf7 {[%clk 0:39:40]} 22. c4
{[%clk 1:04:37]} Qf4 {[%clk 0:39:14]} 23. Qxf4 {[%clk 1:01:08]} Nxf4
{[%clk 0:38:04]} 24. Bf1 {[%clk 1:01:08]} Bc6 {[%clk 0:36:09]} 25. h5
{[%clk 1:01:13]} Rcd8 {[%clk 0:32:57]} 26. Ke3 {[%clk 0:53:42]} Rf6
{[%clk 0:32:23]} 27. Rg5 {[%clk 0:52:21]} Rdf8 {[%clk 0:32:08]} 28. Nd2
{[%clk 0:50:12]} h6 29. Rg4 Rf5 {[%clk 0:30:11]} 30. Rhh4 {[%clk 0:49:18]} e5
{[%clk 0:24:16]} 31. d5 Bd7 32. Nf3 {[%clk 0:43:31]} Rxh5 {[%clk 0:22:21]} 33.
Rxh5 {[%clk 0:42:16]} Nxh5 {[%clk 0:22:50]} 34. Rh4 {[%clk 0:42:03]} Ng3
{[%clk 0:22:33]} 35. Bd3 {[%clk 0:41:31]} e4 {[%clk 0:20:53]} 36. Bxe4
{[%clk 0:41:32]} Bf5 {[%clk 0:21:21]} 37. Bd3 {[%clk 0:40:35]} Re8+
{[%clk 0:20:27]} 38. Kd2 {[%clk 0:39:43]} b6 {[%clk 0:18:56]} 39. Nd4
{[%clk 0:37:50]} Bxd3 {[%clk 0:13:15]} 40. Kxd3 {[%clk 0:38:05]} h5
{[%clk 0:10:52]} 41. Nc6 {[%clk 0:34:13]} g5 {[%clk 0:08:35]} 42. Rd4
{[%clk 0:31:31]} Nf5 {[%clk 0:08:54]} 43. Re4 {[%clk 0:29:54]} Rxe4
{[%clk 0:08:33]} 44. Kxe4 {[%clk 0:30:22]} Nd6+ {[%clk 0:09:00]} 45. Ke5
{[%clk 0:26:34]} Nf7+ {[%clk 0:08:32]} 46. Ke6 {[%clk 0:25:13]} g4
{[%clk 0:07:26]} 47. d6 {[%clk 0:25:34]} Kf8 {[%clk 0:06:39]} 48. Ne7
{[%clk 0:20:28]} Ng5+ {[%clk 0:05:05]} 49. Kd7 {[%clk 0:19:11]} Kf7
{[%clk 0:04:03]} 50. Nf5 {[%clk 0:17:37]} Kf6 {[%clk 0:04:11]} 51. Ne3
{[%clk 0:16:58]} Nf7 52. Kc7 {[%clk 0:16:58]} Kg5 {[%clk 0:02:20]} 53. g3
{[%clk 0:16:23]} h4 {[%clk 0:02:33]} 54. gxh4+ {[%clk 0:16:45]} Kxh4
{[%clk 0:03:01]} 55. d7 {[%clk 0:16:54]} Kg3 {[%clk 0:03:22]} 56. Nf5+
{[%clk 0:12:46]} Kf4 {[%clk 0:03:48]} 57. Nh6 {[%clk 0:12:51]} g3
{[%clk 0:04:02]} 58. Nxf7 {[%clk 0:13:06]} g2 {[%clk 0:04:30]} 59. d8=Q
{[%clk 0:13:28]} g1=Q {[%clk 0:04:52]} 60. Qf6+ {[%clk 0:12:44]} Ke4
{[%clk 0:04:38]} 61. Nd6+ {[%clk 0:12:34]} Kd3 {[%clk 0:05:03]} 62. Kb7
{[%clk 0:12:02]} Qc5 {[%clk 0:04:08]} 63. Qf3+ {[%clk 0:11:12]} Kc2
{[%clk 0:04:29]} 64. Qf5+ {[%clk 0:10:31]} Qxf5 {[%clk 0:03:23]} 65. Nxf5
{[%clk 0:10:59]} Kc3 {[%clk 0:03:24]} 66. Nd6 {[%clk 0:11:26]} Kb4
{[%clk 0:03:25]} 67. Kxa7 {[%clk 0:11:48]} Kc5 {[%clk 0:03:50]} 68. Kb7
{[%clk 0:12:12]} b5 {[%clk 0:03:48]} 69. cxb5 {[%clk 0:12:34]} 1-0

[Event "Ch_SFO"]
[Site "?"]
[Date "2018.03.16"]
[Round "2.12"]
[White "Efanov, Mikhail"]
[Black "Gontcharov, Vladislav"]
[Result "0-1"]
[BlackElo "2448"]
[WhiteElo "2165"]
[LiveChessVersion "1.4.8"]

1. d4 {[%clk 1:30:58]} g6 {[%clk 1:24:49]} 2. Nf3 {[%clk 1:30:49]} Bg7
{[%clk 1:24:57]} 3. c4 {[%clk 1:30:47]} c5 {[%clk 1:25:14]} 4. d5
{[%clk 1:31:00]} d6 {[%clk 1:25:38]} 5. e4 {[%clk 1:29:30]} Bg4 {[%clk 1:22:37]}
6. Qa4+ {[%clk 1:14:13]} Qd7 {[%clk 1:19:12]} 7. Qxd7+ {[%clk 1:14:30]} Nxd7
{[%clk 1:19:09]} 8. Nfd2 {[%clk 1:13:29]} Nb6 {[%clk 1:18:13]} 9. Na3
{[%clk 1:10:48]} a6 {[%clk 1:14:06]} 10. Rb1 {[%clk 0:58:33]} Bc8
{[%clk 1:12:44]} 11. Bd3 {[%clk 0:54:04]} Nf6 {[%clk 1:12:27]} 12. O-O
{[%clk 0:41:58]} O-O {[%clk 1:11:28]} 13. h3 {[%clk 0:31:59]} Ne8
{[%clk 0:59:32]} 14. Nf3 {[%clk 0:29:01]} Nc7 {[%clk 0:59:32]} 15. b3
{[%clk 0:21:21]} Nd7 {[%clk 0:56:19]} 16. Be3 {[%clk 0:18:45]} a5
{[%clk 0:49:02]} 17. Nc2 Rb8 {[%clk 0:47:48]} 18. Bd2 {[%clk 0:14:33]} b6
{[%clk 0:46:56]} 19. a3 {[%clk 0:14:58]} Ba6 {[%clk 0:46:55]} 20. Rfe1
{[%clk 0:14:17]} Rfe8 {[%clk 0:42:43]} 21. Bf1 {[%clk 0:14:34]} Rec8
{[%clk 0:39:56]} 22. b4 {[%clk 0:06:30]} axb4 {[%clk 0:39:44]} 23. axb4
{[%clk 0:06:56]} Ra8 {[%clk 0:36:26]} 24. bxc5 {[%clk 0:03:59]} bxc5
{[%clk 0:36:41]} 25. Rb3 {[%clk 0:02:22]} Rcb8 {[%clk 0:36:48]} 26. Reb1
{[%clk 0:02:32]} Rxb3 {[%clk 0:34:15]} 27. Rxb3 {[%clk 0:02:55]} Bc8
{[%clk 0:34:26]} 28. Ra3 {[%clk 0:01:43]} Rb8 {[%clk 0:32:35]} 29. Ra7
{[%clk 0:01:01]} Na6 {[%clk 0:32:45]} 30. Na3 {[%clk 0:00:47]} Kf8
{[%clk 0:22:57]} 31. Ba5 Nb6 {[%clk 0:21:37]} 32. Nb5 {[%clk 0:00:39]} Bf6
{[%clk 0:19:33]} 33. g4 {[%clk 0:00:36]} h6 {[%clk 0:19:34]} 34. Be2
{[%clk 0:00:33]} Kg7 {[%clk 0:18:58]} 35. Kg2 {[%clk 0:00:51]} g5
{[%clk 0:18:02]} 36. Nd2 {[%clk 0:00:53]} Nb4 {[%clk 0:17:15]} 37. Nc7
{[%clk 0:00:33]} Bd7 {[%clk 0:16:26]} 38. Bxb6 {[%clk 0:00:34]} Rxb6
{[%clk 0:16:46]} 39. Ne6+ {[%clk 0:00:39]} Bxe6 {[%clk 0:16:47]} 40. dxe6
{[%clk 0:01:03]} fxe6 {[%clk 0:17:14]} 41. e5 {[%clk 0:01:10]} Bxe5
{[%clk 0:16:17]} 42. Rxe7+ {[%clk 0:01:35]} Kf6 {[%clk 0:16:41]} 43. Rd7
{[%clk 0:01:01]} Bf4 {[%clk 0:16:17]} 44. Ne4+ {[%clk 0:00:33]} Ke5
{[%clk 0:16:27]} 45. Nc3 {[%clk 0:00:38]} Nc2 {[%clk 0:15:24]} 46. Nb5 0-1

[Event "Ch_SFO"]
[Site "?"]
[Date "2018.03.16"]
[Round "2.13"]
[White "Nevostrujev, Vladimir"]
[Black "Zavyalov, Mikhail"]
[Result "1-0"]
[BlackElo "2125"]
[WhiteElo "2419"]
[LiveChessVersion "1.4.8"]

1. e4 {[%clk 1:30:55]} c5 {[%clk 1:30:55]} 2. Nf3 {[%clk 1:31:19]} e6
{[%clk 1:31:19]} 3. d4 {[%clk 1:31:39]} cxd4 {[%clk 1:31:43]} 4. Nxd4
{[%clk 1:32:04]} Nc6 {[%clk 1:32:08]} 5. Nc3 {[%clk 1:32:02]} a6 {[%clk 1:32:32]}
6. g3 {[%clk 1:31:18]} d6 {[%clk 1:32:47]} 7. Bg2 {[%clk 1:31:31]} Bd7
{[%clk 1:33:07]} 8. O-O {[%clk 1:31:37]} Nf6 {[%clk 1:32:27]} 9. Be3
{[%clk 1:30:09]} Be7 {[%clk 1:32:25]} 10. f4 {[%clk 1:26:04]} Qc7
{[%clk 1:31:00]} 11. a4 {[%clk 1:25:46]} O-O {[%clk 1:30:06]} 12. Kh1
{[%clk 1:23:19]} Rfe8 {[%clk 1:27:46]} 13. Bg1 {[%clk 1:14:22]} Nxd4
{[%clk 1:15:55]} 14. Qxd4 {[%clk 1:12:49]} Bc6 {[%clk 1:16:14]} 15. a5
{[%clk 1:11:46]} Rac8 {[%clk 1:03:44]} 16. Qd2 {[%clk 1:05:31]} Bf8
{[%clk 1:00:50]} 17. Bd4 {[%clk 1:03:31]} Nd7 {[%clk 0:59:57]} 18. Qf2
{[%clk 1:03:00]} g6 {[%clk 0:47:15]} 19. Rfd1 {[%clk 0:59:33]} Qb8 20. Rd2 e5
{[%clk 0:31:25]} 21. Ba7 {[%clk 0:57:33]} Qa8 {[%clk 0:31:47]} 22. f5
{[%clk 0:57:15]} gxf5 {[%clk 0:31:55]} 23. Be3 {[%clk 0:55:16]} fxe4
{[%clk 0:24:25]} 24. Qf5 {[%clk 0:48:39]} b5 {[%clk 0:23:10]} 25. axb6
{[%clk 0:47:40]} Qb7 {[%clk 0:18:32]} 26. Nxe4 {[%clk 0:43:07]} f6
{[%clk 0:16:15]} 27. Qxd7 {[%clk 0:40:42]} Bxd7 {[%clk 0:11:58]} 28. Nxf6+
{[%clk 0:41:06]} Kf7 {[%clk 0:12:15]} 29. Bxb7 {[%clk 0:41:11]} Kxf6
{[%clk 0:12:43]} 30. Rf1+ {[%clk 0:39:17]} Kg7 {[%clk 0:12:47]} 31. Rdf2
{[%clk 0:39:27]} Bc6+ {[%clk 0:12:51]} 32. Bxc6 {[%clk 0:39:49]} Rxc6
{[%clk 0:13:17]} 33. Rf7+ {[%clk 0:40:09]} Kg8 {[%clk 0:13:45]} 34. Rxf8+
{[%clk 0:40:19]} 1-0

[Event "Ch_SFO"]
[Site "?"]
[Date "2018.03.16"]
[Round "2.14"]
[White "Ponomarev, Grigori"]
[Black "Kardashevskiy, Evgeny"]
[Result "1-0"]
[BlackElo "2411"]
[WhiteElo "2120"]
[LiveChessVersion "1.4.8"]

1. e4 {[%clk 1:30:59]} c5 {[%clk 1:30:47]} 2. Nf3 {[%clk 1:31:23]} d6
{[%clk 1:31:11]} 3. d4 {[%clk 1:31:32]} cxd4 {[%clk 1:31:33]} 4. Nxd4
{[%clk 1:32:00]} Nf6 {[%clk 1:31:53]} 5. Nc3 {[%clk 1:32:10]} a6 {[%clk 1:32:17]}
6. Be2 {[%clk 1:31:21]} e5 {[%clk 1:32:29]} 7. Nb3 {[%clk 1:31:44]} Be6
{[%clk 1:32:28]} 8. Be3 {[%clk 1:31:44]} Be7 {[%clk 1:32:34]} 9. Qd2
{[%clk 1:32:02]} Nbd7 {[%clk 1:32:38]} 10. f4 {[%clk 1:31:43]} b5
{[%clk 1:29:50]} 11. f5 {[%clk 1:29:33]} Bc4 {[%clk 1:29:16]} 12. O-O-O
{[%clk 1:25:32]} Rc8 {[%clk 1:22:52]} 13. Bf3 {[%clk 1:20:41]} a5
{[%clk 1:20:05]} 14. Nd5 {[%clk 1:16:40]} Nxd5 {[%clk 1:19:15]} 15. exd5
{[%clk 1:16:33]} b4 {[%clk 1:16:27]} 16. Kb1 {[%clk 1:15:00]} O-O
{[%clk 1:15:19]} 17. g4 {[%clk 1:14:59]} a4 {[%clk 1:04:38]} 18. Nc1
{[%clk 1:15:22]} Qa5 {[%clk 1:00:10]} 19. g5 {[%clk 1:10:07]} Bd8
{[%clk 0:57:36]} 20. f6 {[%clk 1:08:18]} Bb6 {[%clk 0:50:31]} 21. fxg7
{[%clk 1:02:20]} Kxg7 {[%clk 0:50:40]} 22. Bg4 {[%clk 1:00:51]} Rc7
{[%clk 0:49:30]} 23. Bxd7 {[%clk 0:51:55]} Rxd7 {[%clk 0:48:55]} 24. Bxb6
{[%clk 0:48:58]} Qxb6 {[%clk 0:49:18]} 25. h4 {[%clk 0:49:17]} b3
{[%clk 0:39:57]} 26. cxb3 {[%clk 0:47:41]} axb3 {[%clk 0:40:03]} 27. a3
{[%clk 0:45:22]} f5 {[%clk 0:38:43]} 28. gxf6+ {[%clk 0:45:15]} Rxf6
{[%clk 0:38:24]} 29. Rhg1+ {[%clk 0:41:58]} Kh8 {[%clk 0:37:57]} 30. Rg4
{[%clk 0:40:18]} Qc5 {[%clk 0:30:27]} 31. Qc3 {[%clk 0:25:17]} Ba6
{[%clk 0:29:01]} 32. Rdg1 {[%clk 0:21:07]} Qxd5 {[%clk 0:23:38]} 33. Qc6
{[%clk 0:19:21]} h5 {[%clk 0:12:40]} 34. Rg8+ {[%clk 0:18:54]} Qxg8
{[%clk 0:13:02]} 35. Rxg8+ {[%clk 0:19:16]} Kxg8 {[%clk 0:13:27]} 36. Qxd7
{[%clk 0:19:37]} 1-0

[Event "Ch_SFO"]
[Site "?"]
[Date "2018.03.16"]
[Round "2.15"]
[White "Lavrov, Sergey V"]
[Black "Yangutov, Aleksey"]
[Result "1-0"]
[BlackElo "2100"]
[WhiteElo "2404"]
[LiveChessVersion "1.4.8"]

1. d4 {[%clk 1:30:56]} Nf6 {[%clk 1:30:47]} 2. Nf3 {[%clk 1:31:14]} e6
{[%clk 1:31:09]} 3. e3 {[%clk 1:31:26]} d5 {[%clk 1:29:29]} 4. c4
{[%clk 1:30:54]} dxc4 {[%clk 1:22:48]} 5. Bxc4 {[%clk 1:30:05]} Be7
{[%clk 1:22:46]} 6. O-O {[%clk 1:30:28]} O-O {[%clk 1:21:04]} 7. Qe2
{[%clk 1:30:52]} c5 {[%clk 1:17:17]} 8. dxc5 {[%clk 1:29:59]} Bxc5
{[%clk 1:16:06]} 9. e4 {[%clk 1:26:50]} e5 {[%clk 1:06:47]} 10. Nxe5
{[%clk 1:17:21]} Qd4 {[%clk 1:06:32]} 11. Nxf7 {[%clk 1:10:16]} Rxf7
{[%clk 1:06:47]} 12. Rd1 {[%clk 0:57:54]} Bg4 {[%clk 0:37:49]} 13. Rxd4
{[%clk 0:56:35]} Bxe2 {[%clk 0:37:34]} 14. Rd8+ {[%clk 0:56:45]} Bf8
{[%clk 0:38:00]} 15. Bxe2 {[%clk 0:56:53]} Rc7 {[%clk 0:36:16]} 16. Bf4
{[%clk 0:54:58]} Rc6 {[%clk 0:35:49]} 17. Nc3 {[%clk 0:51:19]} Nfd7
{[%clk 0:33:35]} 18. Bb5 {[%clk 0:49:33]} 1-0

[Event "Ch_SFO"]
[Site "?"]
[Date "2018.03.16"]
[Round "2.16"]
[White "Grachev, Alexey"]
[Black "Anikonov, Dmitry"]
[Result "1-0"]
[BlackElo "2398"]
[WhiteElo "2088"]
[LiveChessVersion "1.4.8"]

1. e4 {[%clk 1:30:56]} d6 {[%clk 1:30:04]} 2. Nc3 {[%clk 1:31:06]} Nf6
{[%clk 1:30:04]} 3. f4 {[%clk 1:31:28]} c5 {[%clk 1:28:31]} 4. e5
{[%clk 1:31:07]} dxe5 {[%clk 1:17:31]} 5. fxe5 {[%clk 1:31:28]} Nd5
{[%clk 1:15:37]} 6. Bb5+ {[%clk 1:30:54]} Nc6 {[%clk 1:13:58]} 7. Bxc6+
{[%clk 1:28:33]} bxc6 {[%clk 1:14:26]} 8. Nf3 {[%clk 1:28:49]} Bg4
{[%clk 1:12:45]} 9. O-O {[%clk 1:25:34]} e6 {[%clk 1:11:18]} 10. d3
{[%clk 1:18:47]} c4 {[%clk 1:07:28]} 11. Ne4 {[%clk 1:06:54]} Nb6
{[%clk 0:44:00]} 12. Bg5 {[%clk 0:45:53]} Qd5 {[%clk 0:44:13]} 13. Kh1
{[%clk 0:45:39]} cxd3 {[%clk 0:42:44]} 14. cxd3 {[%clk 0:46:01]} Nd7
{[%clk 0:40:32]} 15. Nc3 {[%clk 0:43:44]} Qa5 {[%clk 0:39:29]} 16. d4
{[%clk 0:40:34]} Bb4 {[%clk 0:36:45]} 17. Qe1 {[%clk 0:31:42]} Bh5
{[%clk 0:34:11]} 18. Qh4 {[%clk 0:28:39]} Bg6 {[%clk 0:33:55]} 19. Ne4
{[%clk 0:27:25]} Qd5 {[%clk 0:32:55]} 20. Nf2 {[%clk 0:26:36]} O-O
{[%clk 0:32:07]} 21. Ng4 {[%clk 0:24:40]} Rfc8 {[%clk 0:31:09]} 22. Qg3
{[%clk 0:22:14]} c5 {[%clk 0:28:59]} 23. a3 {[%clk 0:20:55]} Ba5 {[%clk 0:29:20]}
24. Rad1 {[%clk 0:19:23]} cxd4 {[%clk 0:24:12]} 25. Rxd4 {[%clk 0:19:21]} Qb5
{[%clk 0:24:37]} 26. Rfd1 {[%clk 0:19:09]} Nf8 {[%clk 0:22:25]} 27. Qh4
{[%clk 0:18:54]} Qxb2 {[%clk 0:19:37]} 28. Bf6 {[%clk 0:15:27]} h5
{[%clk 0:11:18]} 29. Bxg7 {[%clk 0:15:47]} Nh7 {[%clk 0:10:57]} 30. Bf6
{[%clk 0:15:26]} Rc1 {[%clk 0:08:26]} 31. Nh6+ {[%clk 0:11:39]} Kf8
{[%clk 0:08:55]} 32. Qf4 {[%clk 0:11:14]} Rac8 {[%clk 0:05:44]} 33. Nh4
{[%clk 0:08:34]} 1-0

[Event "Ch_SFO"]
[Site "?"]
[Date "2018.03.16"]
[Round "2.17"]
[White "Beletsky, Alexey"]
[Black "Sosnovskiy, Ivan"]
[Result "1-0"]
[BlackElo "2061"]
[WhiteElo "2370"]
[LiveChessVersion "1.4.8"]

1. g3 {[%clk 1:30:55]} Nf6 {[%clk 1:30:50]} 2. Bg2 {[%clk 1:31:20]} g6
{[%clk 1:31:03]} 3. c4 {[%clk 1:31:39]} c5 {[%clk 1:30:50]} 4. Nc3
{[%clk 1:31:40]} Bg7 {[%clk 1:30:59]} 5. Nf3 {[%clk 1:31:44]} Nc6
{[%clk 1:30:18]} 6. O-O {[%clk 1:32:05]} O-O {[%clk 1:30:36]} 7. d3
{[%clk 1:32:19]} d5 {[%clk 1:28:56]} 8. cxd5 {[%clk 1:32:38]} Nxd5
{[%clk 1:29:18]} 9. Nxd5 {[%clk 1:32:55]} Qxd5 {[%clk 1:29:32]} 10. Be3
{[%clk 1:32:53]} Qd6 {[%clk 1:16:44]} 11. Rc1 {[%clk 1:31:53]} Nd4
{[%clk 1:15:16]} 12. Bxd4 {[%clk 1:31:44]} cxd4 {[%clk 1:14:27]} 13. Nd2
{[%clk 1:25:33]} Rb8 {[%clk 1:05:46]} 14. Qa4 {[%clk 1:19:42]} a6
{[%clk 1:02:47]} 15. Ne4 {[%clk 1:16:59]} Qb6 {[%clk 0:45:27]} 16. b4
{[%clk 1:12:14]} Bf5 {[%clk 0:35:22]} 17. Nc5 {[%clk 1:11:10]} Be5
{[%clk 0:30:09]} 18. Qa5 {[%clk 1:07:19]} Qxa5 {[%clk 0:26:51]} 19. bxa5
{[%clk 1:07:43]} Rfc8 {[%clk 0:17:29]} 20. Bxb7 {[%clk 0:50:08]} Rxc5
{[%clk 0:15:28]} 21. Rxc5 {[%clk 0:50:32]} Bd6 {[%clk 0:15:32]} 22. Rxf5
{[%clk 0:50:44]} gxf5 {[%clk 0:15:04]} 23. Bxa6 {[%clk 0:51:05]} Ra8
{[%clk 0:15:04]} 24. Bc4 {[%clk 0:47:41]} Rxa5 {[%clk 0:15:32]} 25. Rb1
{[%clk 0:48:04]} Ra7 {[%clk 0:09:27]} 26. Rb5 {[%clk 0:47:05]} e6
{[%clk 0:09:17]} 27. Kg2 {[%clk 0:45:22]} Kg7 {[%clk 0:09:43]} 28. h3
{[%clk 0:45:22]} Kf6 {[%clk 0:09:47]} 29. f4 {[%clk 0:45:02]} h5 {[%clk 0:08:00]}
30. Kf3 {[%clk 0:45:07]} h4 {[%clk 0:06:16]} 31. g4 {[%clk 0:44:42]} Ra8
{[%clk 0:04:14]} 32. gxf5 {[%clk 0:42:05]} Rg8 {[%clk 0:03:11]} 33. fxe6
{[%clk 0:40:44]} Rg3+ {[%clk 0:03:01]} 34. Ke4 {[%clk 0:39:47]} fxe6
{[%clk 0:03:23]} 35. Rb6 {[%clk 0:33:27]} Re3+ {[%clk 0:02:58]} 36. Kxd4
{[%clk 0:33:54]} Bxf4 {[%clk 0:03:27]} 37. Rxe6+ {[%clk 0:31:23]} Rxe6
{[%clk 0:03:44]} 38. Bxe6 {[%clk 0:31:50]} Kxe6 {[%clk 0:04:13]} 39. a4
{[%clk 0:31:51]} Bc7 {[%clk 0:03:16]} 40. Kc5 {[%clk 0:31:50]} Kf5
{[%clk 0:03:16]} 41. e3 {[%clk 0:28:51]} Ba5 {[%clk 0:03:30]} 42. Kb5
{[%clk 0:25:08]} Bd2 {[%clk 0:03:41]} 43. e4+ {[%clk 0:25:32]} Kf4
{[%clk 0:02:22]} 44. a5 {[%clk 0:25:50]} Be3 {[%clk 0:02:24]} 45. a6
{[%clk 0:22:36]} Kg3 {[%clk 0:00:38]} 46. e5 {[%clk 0:22:52]} Kxh3
{[%clk 0:00:48]} 47. e6 1-0

[Event "Ch_SFO"]
[Site "?"]
[Date "2018.03.16"]
[Round "2.18"]
[White "Tokmashov, Maxim"]
[Black "Piskunov, Alexandr"]
[Result "0-1"]
[BlackElo "2356"]
[WhiteElo "2072"]
[LiveChessVersion "1.4.8"]

1. Nf3 {[%clk 1:28:52]} c5 {[%clk 1:30:45]} 2. c3 {[%clk 1:25:56]} Nf6
{[%clk 1:27:09]} 3. d4 {[%clk 1:26:09]} e6 {[%clk 1:27:36]} 4. Bf4
{[%clk 1:26:14]} d5 {[%clk 1:21:51]} 5. e3 {[%clk 1:26:32]} Be7 {[%clk 1:20:40]}
6. Nbd2 {[%clk 1:26:49]} O-O {[%clk 1:20:16]} 7. Bd3 {[%clk 1:26:53]} b6
{[%clk 1:18:42]} 8. Qe2 {[%clk 1:26:31]} Bb7 {[%clk 1:19:03]} 9. Ne5
{[%clk 1:18:18]} Ne4 {[%clk 1:16:29]} 10. Nxe4 {[%clk 1:12:50]} dxe4
{[%clk 1:16:47]} 11. Bc2 {[%clk 1:13:17]} Nd7 {[%clk 1:08:56]} 12. O-O-O
{[%clk 1:05:03]} Nxe5 {[%clk 1:08:45]} 13. Bxe5 {[%clk 1:05:15]} Qc8
{[%clk 1:04:27]} 14. f3 {[%clk 1:00:25]} f6 {[%clk 1:02:18]} 15. Bf4
{[%clk 1:00:21]} b5 {[%clk 0:54:24]} 16. fxe4 {[%clk 0:50:22]} c4
{[%clk 0:54:14]} 17. e5 {[%clk 0:42:54]} f5 {[%clk 0:50:07]} 18. Rhg1
{[%clk 0:41:00]} g5 {[%clk 0:42:20]} 19. Bg3 {[%clk 0:39:42]} b4 {[%clk 0:40:01]}
20. Be1 {[%clk 0:39:42]} a5 {[%clk 0:40:01]} 21. h4 {[%clk 0:39:42]} a4
{[%clk 0:40:01]} 22. cxb4 {[%clk 0:39:42]} a3 {[%clk 0:40:01]} 23. Bc3
{[%clk 0:39:42]} Bd5 {[%clk 0:40:01]} 24. hxg5 {[%clk 0:39:42]} axb2+
{[%clk 0:40:01]} 25. Kd2 {[%clk 0:39:42]} Qb7 {[%clk 0:40:01]} 26. b5
{[%clk 0:39:42]} Ra3 {[%clk 0:40:01]} 27. Qh5 {[%clk 0:39:42]} Rxc3
{[%clk 0:40:01]} 28. Kxc3 {[%clk 0:39:42]} Qxb5 {[%clk 0:40:01]} 29. Kd2
{[%clk 0:39:42]} Rf7 {[%clk 0:40:01]} 30. Rh1 {[%clk 0:39:42]} Rg7
{[%clk 0:40:01]} 31. g6 {[%clk 0:39:42]} hxg6 {[%clk 0:40:01]} 32. Qh8+
{[%clk 0:39:42]} Kf7 {[%clk 0:40:01]} 33. e4 {[%clk 0:39:42]} c3+
{[%clk 0:40:01]} 34. Ke3 {[%clk 0:39:42]} Bxa2 {[%clk 0:40:01]} 35. exf5
{[%clk 0:39:42]} exf5 {[%clk 0:40:01]} 36. Qa8 {[%clk 0:39:42]} Qd5
{[%clk 0:02:22]} 37. Rh8 {[%clk 0:00:37]} Bg5+ {[%clk 0:01:51]} 38. Kf2
{[%clk 0:01:00]} Qxa8 {[%clk 0:02:19]} 39. Rxa8 {[%clk 0:01:10]} Bd5
{[%clk 0:02:47]} 40. Rc8 {[%clk 0:01:07]} Bd2 {[%clk 0:02:50]} 41. Rxd2
{[%clk 0:01:02]} cxd2 {[%clk 0:03:19]} 42. Rb8 {[%clk 0:01:27]} Be4
{[%clk 0:02:58]} 43. Bb3+ {[%clk 0:00:43]} Ke7 {[%clk 0:03:27]} 44. d5
{[%clk 0:01:01]} b1=Q {[%clk 0:03:12]} 45. d6+ {[%clk 0:00:48]} Kd7
{[%clk 0:03:40]} 46. Ba4+ {[%clk 0:01:02]} Ke6 {[%clk 0:03:59]} 0-1

[Event "Ch_SFO"]
[Site "?"]
[Date "2018.03.16"]
[Round "2.19"]
[White "Boiarintsev, Vitaly"]
[Black "Kharkevich, Stepan"]
[Result "1-0"]
[BlackElo "1791"]
[WhiteElo "2342"]
[LiveChessVersion "1.4.8"]

1. e4 {[%clk 1:19:31]} e5 {[%clk 1:30:55]} 2. Nf3 {[%clk 1:19:56]} Nc6
{[%clk 1:31:17]} 3. Nc3 {[%clk 1:20:21]} Nf6 {[%clk 1:31:28]} 4. a3
{[%clk 1:20:45]} d5 {[%clk 1:30:16]} 5. Bb5 {[%clk 1:21:10]} dxe4
{[%clk 1:28:39]} 6. Nxe5 {[%clk 1:21:29]} Bd7 {[%clk 1:28:56]} 7. Bxc6
{[%clk 1:21:43]} Bxc6 {[%clk 1:29:06]} 8. Qe2 {[%clk 1:22:01]} Bd5
{[%clk 1:25:33]} 9. Qb5+ {[%clk 1:21:44]} c6 {[%clk 1:20:09]} 10. Qxb7
{[%clk 1:21:40]} Rb8 {[%clk 1:20:15]} 11. Qxa7 {[%clk 1:21:32]} Bd6
{[%clk 1:20:35]} 12. Nxd5 {[%clk 1:20:48]} Bxe5 {[%clk 1:20:59]} 13. Ne3
{[%clk 1:19:15]} O-O {[%clk 1:21:04]} 14. Qc5 {[%clk 1:19:25]} Qc7
{[%clk 1:19:53]} 15. Nc4 {[%clk 1:19:20]} Rfe8 {[%clk 1:15:36]} 16. Qa5
{[%clk 1:08:04]} Qxa5 {[%clk 1:13:38]} 17. Nxa5 {[%clk 1:08:27]} Bxb2
{[%clk 1:14:02]} 18. Bxb2 {[%clk 1:08:15]} Rxb2 {[%clk 1:14:27]} 19. Nxc6
{[%clk 1:06:32]} Rxc2 {[%clk 1:14:44]} 20. Nb4 {[%clk 1:06:54]} Rb2
{[%clk 1:14:45]} 21. Ke2 {[%clk 1:06:05]} e3 {[%clk 1:14:38]} 22. fxe3
{[%clk 1:03:57]} Ne4 {[%clk 1:14:45]} 23. Rhc1 {[%clk 1:03:31]} Rxd2+
{[%clk 1:13:25]} 24. Kf1 {[%clk 1:03:52]} Rb2 {[%clk 1:12:54]} 25. Rc2
{[%clk 1:02:57]} Rxc2 {[%clk 1:12:46]} 26. Nxc2 {[%clk 1:03:17]} g6
{[%clk 1:13:12]} 27. a4 {[%clk 1:03:28]} Ra8 {[%clk 1:13:32]} 28. a5
{[%clk 1:03:27]} Nd2+ {[%clk 1:13:56]} 29. Ke2 {[%clk 1:03:01]} Nb3
{[%clk 1:14:19]} 30. Ra3 {[%clk 1:03:13]} Nxa5 {[%clk 1:14:42]} 31. Nd4
{[%clk 1:03:07]} Ra7 {[%clk 1:14:46]} 32. Nb5 {[%clk 1:03:14]} Ra6
{[%clk 1:14:45]} 33. Ra4 {[%clk 1:03:19]} Kg7 {[%clk 1:14:53]} 34. g4
{[%clk 1:00:45]} h6 {[%clk 1:14:58]} 35. h4 {[%clk 1:01:04]} g5 {[%clk 1:15:10]}
36. h5 {[%clk 1:00:43]} Kf8 {[%clk 1:14:14]} 37. Nd4 {[%clk 1:00:39]} Ra7
{[%clk 1:14:00]} 38. Nf5 {[%clk 1:00:24]} Nc6 {[%clk 1:14:21]} 39. Re4
{[%clk 0:58:13]} Ne7 {[%clk 1:10:49]} 40. Nxh6 {[%clk 0:55:03]} Kg7
{[%clk 1:11:13]} 41. Rxe7 {[%clk 0:54:34]} Ra2+ {[%clk 1:11:41]} 42. Kf3
{[%clk 0:54:24]} Kxh6 {[%clk 1:12:04]} 43. Re5 {[%clk 0:50:08]} Ra1
{[%clk 1:11:09]} 44. Rf5 {[%clk 0:49:39]} Ra2 {[%clk 1:10:38]} 45. e4
{[%clk 0:49:12]} Ra3+ {[%clk 1:10:15]} 46. Kf2 {[%clk 0:44:51]} Ra2+
{[%clk 1:10:33]} 47. Kg3 {[%clk 0:44:09]} Re2 {[%clk 1:09:02]} 48. Kf3
{[%clk 0:43:09]} Ra2 {[%clk 1:09:26]} 49. e5 {[%clk 0:32:54]} Ra3+
{[%clk 1:07:12]} 50. Kf2 {[%clk 0:28:01]} Ra7 {[%clk 1:03:40]} 51. Kg3
{[%clk 0:20:07]} Ra3+ {[%clk 1:02:22]} 52. Rf3 {[%clk 0:20:10]} Ra5
{[%clk 1:01:34]} 53. Rxf7 {[%clk 0:19:26]} Rxe5 {[%clk 1:01:50]} 54. Rf6+
{[%clk 0:19:52]} Kh7 {[%clk 1:00:12]} 55. Rf5 {[%clk 0:20:00]} Re3+
{[%clk 1:00:13]} 56. Kf2 {[%clk 0:20:18]} Ra3 {[%clk 1:00:34]} 57. Rxg5
{[%clk 0:20:41]} Ra2+ {[%clk 1:01:01]} 58. Kg3 {[%clk 0:21:05]} Ra3+
{[%clk 1:01:27]} 59. Kh4 {[%clk 0:21:23]} Kh8 {[%clk 1:01:49]} 60. Rb5
{[%clk 0:21:36]} Ra7 {[%clk 1:01:45]} 61. h6 {[%clk 0:21:40]} Kh7
{[%clk 1:01:15]} 62. Kh5 {[%clk 0:21:33]} Kh8 {[%clk 1:00:55]} 63. g5
{[%clk 0:21:47]} Ra8 {[%clk 1:01:23]} 64. g6 {[%clk 0:21:25]} Rg8
{[%clk 1:01:32]} 65. Ra5 {[%clk 0:20:46]} Rc8 {[%clk 1:00:37]} 66. h7
{[%clk 0:20:46]} Rf8 {[%clk 1:00:16]} 67. Kh6 {[%clk 0:20:57]} Rf7
{[%clk 1:00:42]} 68. Ra8+ {[%clk 0:21:17]} 1-0